000
00555nam a22001457a 4500
020
_a
9789698535155
082
_a
297.577
100
_a
Dr. Ahmad Al Asaal
245
_a
Islam ka khandani nizam
260
_a
Islamabad
_b
NUST publishing
_c
2015
300
_a
452p
942
_c
BK
999
_c
342411
_d
342411